000 00306nam a22001097a 4500
082 _a621.381535 SON'B
100 _aSONDE, B. S
_974962
245 _aBROAD BAND AMPLIFIERS MONOGRAPHS ON SOLID STATE ELECTRONIC INSTRUMENTATION
260 _aNEW DELHI
_bTATA MCGRAW HILL
_c1972
300 _a104P
942 _cBK
999 _c580466
_d580466